000
00214nam a22000857a 4500
008
161119b xxu||||| |||| 00| 0 eng d
100
_9
1290
_a
Kidz.O
245
_a
101 Stories for Girls
260
_a
New Delhi
_b
Om.Kidz
_c
2012
999
_c
3994
_d
3994